000 02022cam a2200553 a 4500
999 _c23392
_d23392
001 vtls011590268
005 20221006121536.0
008 200507s2016 xo g n 000 fbslo
020 _a9788055614748
_q(viaz.)
035 _aurn:nbn:sk:snk-am00dzhu
035 _aurn:nbn:sk:snk-am3i9ts
035 _a9A021FEB-5DF4-4230-BFDA-C194E041246F
040 _aPPPK
_bslo
_cPPPK
_dSNK
_eAACR2
041 1 _aslo
_heng
044 _axo
_cSK
072 7 _a821.111(73)-3
_xAmerická próza
_2konspekt
072 7 _a929
_xBiografie
_2konspekt
080 _a821.111(73)-31
_22011
080 _a(44)
_22011
080 _a(0:82-311.6)
_22011
080 _a(0:82-312.6)
_22011
080 _a929.731-055.2
_22011
100 1 _aGrey, Juliet
_93611
240 1 0 _aDays of Splendor, Days of Sorrow
_lSlovensky
245 1 0 _aMária Antoinetta
_n[2.]
_pDni slávy, dni smútku
_cJuliet Grey ; z angličtiny preložila Beáta Mihalkovičová
246 3 0 _aDni slávy, dni smútku
260 _aBratislava
_bSlovart
_c2016
300 _a350 s.
_c24 cm
500 _aDruhý diel úspešnej trilógie o najslávnejšej franc. kráľovnej. Prvý pod názvom - Ja, Mária Antoinetta
600 0 7 _aMária Antoinetta,
_ckráľovná, manželka Ľudovíta XVI., francúzskeho kráľa,
_d1755-1793
_2SNKMA
_93612
648 7 _a18. stor.
_2SNKPH
_93613
648 7 _a18th century
_2SNKPHeng
_92906
650 0 7 _apanovníčky
_2SNKPH
_92907
650 0 7 _aQueens and empresses
_2SNKPHeng
_92908
651 7 _aFrancúzsko
_2SNKPH
_93594
651 7 _aFrance
_2SNKPHeng
_93596
655 7 _aamerické romány
_2SNKPH
_92
655 7 _ahistorické romány
_2SNKPH
_91688
655 7 _abiografické romány
_2SNKPH
_92126
655 7 _aAmerican fiction
_2SNKPHeng
_93
655 7 _aHistorical novels
_2SNKPHeng
_91689
655 7 _aBiographical novels
_2SNKPHeng
_92127
700 1 _aMihalkovičová, Beáta
_4trl
_93614
958 _aLX
958 _aBC
958 _aUP
958 _aNB